Теория бухгалтерского учета: сборник задач, учебное пособие

Detalles Bibliográficos
Autor principal: Дусаева Е. М. Евгения Муслимовна
Otros Autores: Суханова Л. И. Лидия Ивановна
Sumario:В издании представлены тематические задачи для проведения семинаров и практических занятий по курсу "Теория бухгалтерского учета". По каждой теме даны условия, методические указания по выполнению заданий, вопросы для самоконтроля и собеседования. Приведенные цифровые данные и названия предприятий условные. Сборник рекомендуется студентам высших учебных заведений, обучающимся по специальности "Бухгалтерский учет, анализ и аудит", будет полезен студентам других экономических специальностей.
Lenguaje:ruso
Publicado: Москва, Бухгалтерский учет, 2008
Materias:
Formato: Libro
KOHA link:https://koha.lib.tpu.ru/cgi-bin/koha/opac-detail.pl?biblionumber=135471

MARC

LEADER 00000nam0a2200000 4500
001 135471
005 20231031140105.0
010 |a 585428197X 
035 |a (RuTPU)RU\TPU\book\146823 
090 |a 135471 
100 |a 20080410d2008 m y0rusy50 ca 
101 0 |a rus 
102 |a RU 
105 |a a j 001zy 
200 1 |a Теория бухгалтерского учета  |e сборник задач, учебное пособие  |f Е. М. Дусаева, Л. И. Суханова 
210 |a Москва  |c Бухгалтерский учет  |d 2008 
215 |a 160 с.  |c ил. 
320 |a Рекомендуемая литература: с. 156. 
330 |a В издании представлены тематические задачи для проведения семинаров и практических занятий по курсу "Теория бухгалтерского учета". По каждой теме даны условия, методические указания по выполнению заданий, вопросы для самоконтроля и собеседования. Приведенные цифровые данные и названия предприятий условные. Сборник рекомендуется студентам высших учебных заведений, обучающимся по специальности "Бухгалтерский учет, анализ и аудит", будет полезен студентам других экономических специальностей. 
610 1 |a экономика 
610 1 |a бухгалтерский учет 
610 1 |a хозяйственный учет 
610 1 |a документирование 
610 1 |a бухгалтерские счета 
610 1 |a двойная запись 
610 1 |a планы счетов 
610 1 |a калькуляция 
610 1 |a инвентаризация 
610 1 |a балансовое обобщение 
610 1 |a учетные регистры 
610 1 |a учетные формы 
610 1 |a бухгалтерская отчетность 
610 1 |a учебные пособия 
675 |a 657.22(076)  |v 3 
700 1 |a Дусаева  |b Е. М.  |g Евгения Муслимовна 
701 1 |a Суханова  |b Л. И.  |g Лидия Ивановна 
801 1 |a RU  |b 63413507  |c 20080410  |g PSBO 
801 2 |a RU  |b 63413507  |c 20190522  |g PSBO 
900 |a Теория бухгалтерского учета 
900 |a Бухгалтерский учет 
942 |c BK 
951 |b 080109 
959 |a 39/20080403  |d 2  |e 175,90  |f АНЛ:1  |f ЧЗГЛ:1